[Event "EU-Cup 23rd"]
[Site "Kemer"]
[Date "2007.10.08"]
[Round "6.3"]
[White "Aulin Jansson, Joran"]
[Black "Bujupi, Bajram"]
[Result "1-0"]
[WhiteElo "2279"]
[BlackElo "2240"]
[PlyCount "43"]
[EventDate "2007.10.03"]
[EventType "team-swiss"]
[EventRounds "7"]
[EventCountry "TUR"]
[SourceTitle "CBM 121"]
[Source "ChessBase"]
[SourceDate "2007.11.14"]
[SourceVersion "1"]
[SourceVersionDate "2007.11.14"]
[SourceQuality "1"]
[WhiteTeam "Asker"]
[BlackTeam "Pristina"]
[WhiteTeamCountry "NOR"]
[BlackTeamCountry "YUG"]

1. d4 Nf6 2. c4 e6 3. Nf3 c5 4. d5 exd5 5. cxd5 d6 6. Nc3 g6 7. e4 Bg7 8. Be2 0-0 9. 0-0 Bg4 10. Bf4 Bxf3 11. Bxf3 Ne8 12. Qd2 Nd7 13. Bg5 Bf6 14. h4 a6 15. a4 Bxg5 16. hxg5 f6 17. gxf6 Ndxf6 18. a5 Rc8 19. Be2 Qe7 20. Rfe1 Qe5 21. Ra4 g5 22. Bd1 1-0

[Event "EU-Cup 23rd"]
[Site "Kemer"]
[Date "2007.10.06"]
[Round "4.3"]
[White "Bujupi, Bajram"]
[Black "Apaydin, Fethi"]
[Result "1-0"]
[WhiteElo "2240"]
[BlackElo "2210"]
[PlyCount "53"]
[EventDate "2007.10.03"]
[EventType "team-swiss"]
[EventRounds "7"]
[EventCountry "TUR"]
[SourceTitle "CBM 121"]
[Source "ChessBase"]
[SourceDate "2007.11.14"]
[SourceVersion "1"]
[SourceVersionDate "2007.11.14"]
[SourceQuality "1"]
[WhiteTeam "Pristina"]
[BlackTeam "Besiktas Jimnastik"]
[WhiteTeamCountry "YUG"]
[BlackTeamCountry "TUR"]

1. d4 Nf6 2. c4 g6 3. Nc3 Bg7 4. Nf3 0-0 5. g3 d6 6. Bg2 Nbd7 7. 0-0 e5 8. e4 exd4 9. Nxd4 Re8 10. Re1 Nc5 11. h3 a5 12. b3 c6 13. Rb1 Bd7 14. Bf4 Qb6 15. Bxd6 Nfxe4 16. Nxe4 Nxe4 17. Bxe4 Bxd4 18. c5 Qb4 19. a3 Qc3 20. Rc1 Qb2 21. Rc2 Qxb3 22. Qxd4 f5 23. Rb2 Qe6 24. Rxb7 fxe4 25. Bf4 Re7 26. Bd2 Rf8 27. Bc3 1-0

[Event "EU-Cup 22nd"]
[Site "Fuegen"]
[Date "2006.10.12"]
[Round "5.1"]
[White "Jelling, Erik"]
[Black "Bujupi, Bajram"]
[Result "1/2-1/2"]
[WhiteElo "2393"]
[BlackElo "2227"]
[PlyCount "86"]
[EventDate "2006.10.08"]
[EventType "team-swiss"]
[EventRounds "7"]
[EventCountry "AUT"]
[SourceTitle "CBM 115"]
[Source "ChessBase"]
[SourceDate "2006.11.15"]
[SourceVersion "1"]
[SourceVersionDate "2006.11.15"]
[SourceQuality "1"]
[WhiteTeam "Aarhus"]
[BlackTeam "Pristina"]
[WhiteTeamCountry "DEN"]
[BlackTeamCountry "YUG"]

1. d4 Nf6 2. c4 e6 3. Nf3 c5 4. d5 exd5 5. cxd5 d6 6. Nc3 Bg4 7. e4 a6 8. a4 g6 9. Be2 Bxf3 10. Bxf3 Bg7 11. 0-0 0-0 12. Bf4 Ne8 13. Qd2 Nd7 14. Bg5 Bf6 15. Bh6 Ng7 16. Be2 Re8 17. f4 Bd4+ 18. Kh1 Qa5 19. Bf3 Bf6 20. Rae1 c4 21. Qc2 Nc5 22. e5 dxe5 23. Ne4 Nxe4 24. Bxe4 exf4 25. Bxf4 Be5 26. Bd2 Qc7 27. g3 Rac8 28. a5 Qd6 29. Re2 Nh5 30. Bf3 Nf6 31. Bg5 Nxd5 32. Rd2 Nb4 33. Rxd6 Nxc2 34. Rd7 Rc7 35. Rxc7 Bxc7 36. Bxb7 Bxa5 37. Bxa6 c3 38. bxc3 Bxc3 39. Bc4 Re1 40. Bxf7+ Kg7 41. Kg2 Rxf1 42. Kxf1 Be5 43. Be6 Bd6 1/2-1/2

[Event "EU-Cup 21st"]
[Site "Saint Vincent"]
[Date "2005.09.23"]
[Round "6.2"]
[White "Bujupi, Bajram"]
[Black "Van der Werf, Mark"]
[Result "0-1"]
[WhiteElo "2230"]
[BlackElo "2397"]
[PlyCount "146"]
[EventDate "2005.09.18"]
[EventType "team-swiss"]
[EventRounds "7"]
[EventCountry "ITA"]
[SourceTitle "CBM 110"]
[Source "ChessBase"]
[SourceDate "2006.01.31"]
[SourceVersion "1"]
[SourceVersionDate "2006.01.31"]
[SourceQuality "1"]
[WhiteTeam "Pristina"]
[BlackTeam "Leerdams"]
[WhiteTeamCountry "YUG"]
[BlackTeamCountry "NED"]

1. d4 d5 2. Nf3 e6 3. Bf4 Bd6 4. Bxd6 Qxd6 5. c3 Nd7 6. Nbd2 Ngf6 7. e3 0-0 8. Bd3 e5 9. dxe5 Nxe5 10. Nxe5 Qxe5 11. Nf3 Qe7 12. 0-0 Bg4 13. h3 Bd7 14. Nd2 Rad8 15. Qc2 c5 16. Rfe1 Bc6 17. Rad1 Rfe8 18. b3 Rd6 19. Qb1 Ne4 20. Nxe4 dxe4 21. Bf1 Rg6 22. Qc2 Bd7 23. g3 h5 24. Bg2 Bc8 25. Qxe4 Qxe4 26. Bxe4 Ra6 27. Re2 Bxh3 28. Bxb7 Rb6 29. Bg2 Bg4 30. f3 Be6 31. Red2 Kf8 32. Rd8 Rxd8 33. Rxd8+ Ke7 34. Rd2 a5 35. Bf1 Rb8 36. e4 g6 37. Be2 Rc8 38. Kf2 Rh8 39. Ke3 h4 40. gxh4 Rxh4 41. Rd1 Rh2 42. Rg1 Kd6 43. f4 Ke7 44. Rg5 Rh3+ 45. Bf3 c4 46. bxc4 a4 47. a3 Bxc4 48. Ra5 Bb3 49. Kf2 Rh2+ 50. Bg2 Rh8 51. c4 Rd8 52. Ke3 Bxc4 53. Rxa4 Rd3+ 54. Kf2 Rd2+ 55. Kg3 Rc2 56. Ra7+ Kd6 57. e5+ Kc5 58. Rc7+ Kb6 59. Rc6+ Kb5 60. Bd5 Rd2 61. Rxc4 Rxd5 62. Rc3 Rd1 63. Kg4 Rg1+ 64. Rg3 Rh1 65. Rc3 Kb6 66. Rc4 Rg1+ 67. Kf3 Re1 68. a4 Kb7 69. a5 g5 70. Re4 g4+ 71. Kxg4 Rxe4 72. Kg5 Kc7 73. a6 Kd7 0-1

[Event "EU-Cup 20th"]
[Site "Izmir"]
[Date "2004.10.09"]
[Round "7.2"]
[White "Westerinen, Heikki MJ"]
[Black "Bujupi, Bajram"]
[Result "0-1"]
[WhiteElo "2362"]
[BlackElo "2224"]
[PlyCount "124"]
[EventDate "2004.10.03"]
[EventType "team-swiss"]
[EventRounds "7"]
[EventCountry "TUR"]
[SourceTitle "CBM 104"]
[Source "ChessBase"]
[SourceDate "2005.01.27"]
[SourceVersion "1"]
[SourceVersionDate "2005.01.27"]
[SourceQuality "1"]
[WhiteTeam "Helsinki"]
[BlackTeam "Pristina"]
[WhiteTeamCountry "FIN"]
[BlackTeamCountry "YUG"]

1. e4 c5 2. Nf3 e6 3. Nc3 a6 4. g3 b5 5. Bg2 Bb7 6. d3 d6 7. 0-0 Nf6 8. e5 dxe5 9. Nxe5 Bxg2 10. Kxg2 Nbd7 11. Nxd7 Qxd7 12. Qf3 Rc8 13. b3 Be7 14. Bb2 c4 15. dxc4 bxc4 16. Rfd1 Qc6 17. Rd4 0-0 18. bxc4 Qxf3+ 19. Kxf3 e5 20. Nd5 Nxd5 21. Rxd5 Rxc4 22. Bxe5 Rxc2 23. Bd4 h6 24. Ra5 Rd8 25. Be3 Rd6 26. Rb1 Rcc6 27. Rb8+ Kh7 28. Rb7 Re6 29. h4 g6 30. Rd5 Kg7 31. a4 Red6 32. Rxd6 Bxd6 33. Bd4+ Kf8 34. Ra7 Ke8 35. Ke4 Bb4 36. Kd5 Rd6+ 37. Kc4 a5 38. Rb7 h5 39. Rb5 Kd7 40. Bb6 Rd2 41. Be3 Ra2 42. Rb7+ Kd6 43. Kb5 Be1 44. Rb6+ Ke5 45. Bf4+ Kf5 46. Be3 Bxf2 47. Bxf2 Rxf2 48. Kxa5 Kg4 49. Rb3 f5 50. Kb6 f4 51. gxf4 Rxf4 52. a5 Kxh4 53. a6 g5 54. a7 Rf8 55. Rb1 g4 56. Rf1 Ra8 57. Kb7 Rxa7+ 58. Kxa7 g3 59. Rf8 Kh3 60. Kb6 g2 61. Rg8 Kh2 62. Kc5 g1Q+ 0-1

[Event "EU-Cup 20th"]
[Site "Izmir"]
[Date "2004.10.06"]
[Round "4.2"]
[White "Olcayoz, Alper"]
[Black "Bujupi, Bajram"]
[Result "1/2-1/2"]
[WhiteElo "2287"]
[BlackElo "2224"]
[PlyCount "26"]
[EventDate "2004.10.03"]
[EventType "team-swiss"]
[EventRounds "7"]
[EventCountry "TUR"]
[SourceTitle "CBM 104"]
[Source "ChessBase"]
[SourceDate "2005.01.27"]
[SourceVersion "1"]
[SourceVersionDate "2005.01.27"]
[SourceQuality "1"]
[WhiteTeam "Ankara"]
[BlackTeam "Pristina"]
[WhiteTeamCountry "TUR"]
[BlackTeamCountry "YUG"]

1. d4 Nf6 2. Nf3 e6 3. Bg5 Be7 4. Nbd2 c5 5. c3 d5 6. e3 0-0 7. Bd3 b6 8. 0-0 Bb7 9. Ne5 Nbd7 10. f4 Ne4 11. Bxe7 Qxe7 12. Qe2 Nxd2 13. Nxd7 Nxf1 1/2-1/2

[Event "EU-Cup 20th"]
[Site "Izmir"]
[Date "2004.10.05"]
[Round "3.2"]
[White "Bujupi, Bajram"]
[Black "Reyhan, Dogan Heval"]
[Result "0-1"]
[WhiteElo "2224"]
[BlackElo "2206"]
[PlyCount "74"]
[EventDate "2004.10.03"]
[EventType "team-swiss"]
[EventRounds "7"]
[EventCountry "TUR"]
[SourceTitle "CBM 104"]
[Source "ChessBase"]
[SourceDate "2005.01.27"]
[SourceVersion "1"]
[SourceVersionDate "2005.01.27"]
[SourceQuality "1"]
[WhiteTeam "Pristina"]
[BlackTeam "Marmaris"]
[WhiteTeamCountry "YUG"]
[BlackTeamCountry "TUR"]

1. d4 Nf6 2. Nf3 g6 3. c4 Bg7 4. Nc3 0-0 5. e4 d6 6. g3 c5 7. Bg2 Nc6 8. d5 Na5 9. Nd2 a6 10. a4 e6 11. 0-0 exd5 12. cxd5 Rb8 13. Nb3 b6 14. Qc2 Re8 15. Nxa5 bxa5 16. Bd2 Qb6 17. Rab1 Qb3 18. Qxb3 Rxb3 19. Bf4 Rb6 20. Bd2 Bd7 21. Rfc1 Rb4 22. f3 Reb8 23. Rc2 Ne8 24. Bf1 Nc7 25. Kg2 f5 26. Bd3 Rd4 27. Be2 Rxd2 28. Rxd2 Bxc3 29. Rd3 Bg7 30. Bd1 fxe4 31. fxe4 c4 32. Re3 c3 33. b3 Bxa4 34. Bc2 Bd7 35. Ree1 Nb5 36. Kf2 Na3 37. Rbc1 Bh6 0-1

[Event "EU-Cup 19th"]
[Site "Rethymno"]
[Date "2003.09.30"]
[Round "3.2"]
[White "Bujupi, Bajram"]
[Black "Scekic, Milos"]
[Result "1/2-1/2"]
[WhiteElo "2205"]
[BlackElo "2434"]
[PlyCount "87"]
[EventDate "2003.09.28"]
[EventType "team-swiss"]
[EventRounds "7"]
[EventCountry "GRE"]
[SourceTitle "CBM 098"]
[Source "ChessBase"]
[SourceDate "2004.02.03"]
[SourceVersion "1"]
[SourceVersionDate "2004.02.03"]
[SourceQuality "1"]
[WhiteTeam "Therande"]
[BlackTeam "Glasinac"]
[WhiteTeamCountry "YUG"]
[BlackTeamCountry "BIH"]

1. d4 d5 2. Nf3 c6 3. e3 Nf6 4. c4 Bg4 5. Be2 e6 6. Nbd2 Nbd7 7. 0-0 Bd6 8. b3 0-0 9. Bb2 Ne4 10. Ne1 Bxe2 11. Qxe2 Nxd2 12. Qxd2 f5 13. f4 Nf6 14. Nf3 b5 15. cxd5 cxd5 16. Rfc1 Ne4 17. Qd3 Qb6 18. Rc2 Qb7 19. Rac1 Rfc8 20. Nd2 Nf6 21. Rxc8+ Rxc8 22. Rxc8+ Qxc8 23. h3 Bb4 24. Nf3 a6 25. a3 Bd6 26. Nd2 h6 27. b4 Ne4 28. Nxe4 dxe4 29. Qc3 Qxc3 30. Bxc3 Kf7 31. Kf1 Bf8 32. Be1 Ke7 33. Ke2 g5 34. g3 Kf7 35. Kf1 Bg7 36. Ke2 Bf6 37. Kf1 Kf8 38. h4 gxh4 39. gxh4 Ke7 40. Ke2 Kd6 41. Kd2 Kd5 42. Kc3 h5 43. Bf2 Bd8 44. Bg3 1/2-1/2

[Event "Wroclaw-A"]
[Site "Wroclaw"]
[Date "1980.06.01"]
[Round "9"]
[White "Bujupi, Bajram"]
[Black "Tonchev, Miroslav"]
[Result "1-0"]
[WhiteElo "2325"]
[BlackElo "2460"]
[PlyCount "79"]
[EventDate "1980.05.23"]
[EventType "tourn"]
[EventRounds "13"]
[EventCountry "POL"]
[EventCategory "5"]
[SourceTitle "EXT 1998"]
[Source "ChessBase"]
[SourceDate "1997.11.17"]
[SourceVersion "1"]
[SourceVersionDate "1997.11.17"]
[SourceQuality "1"]

1. d4 Nf6 2. Nf3 c5 3. c3 Qc7 4. g3 b6 5. Bg2 Bb7 6. 0-0 g6 7. Re1 Bg7 8. Nbd2 Ne4 9. Nxe4 Bxe4 10. Bf4 d6 11. Qd2 0-0 12. Rac1 Nd7 13. Bh6 Nf6 14. Bxg7 Kxg7 15. c4 cxd4 16. Nxd4 Bxg2 17. Kxg2 Rac8 18. e4 Qb7 19. f3 Qa6 20. b3 Rc5 21. a4 Qc8 22. Qc3 Kg8 23. b4 Rh5 24. g4 Re5 25. b5 Rc5 26. Nc6 Qc7 27. a5 h5 28. h3 h4 29. Qd4 Nh7 30. f4 e5 31. Qf2 f5 32. gxf5 gxf5 33. Qxh4 Rf7 34. axb6 axb6 35. Kh2 Rxc6 36. bxc6 Qxc6 37. Rg1+ Kh8 38. Qd8+ Nf8 39. Rg5 Qb7 40. Rh5+ 1-0

[Event "Wroclaw-A"]
[Site "Wroclaw"]
[Date "1980.05.27"]
[Round "4"]
[White "Lukin, Andrei M"]
[Black "Bujupi, Bajram"]
[Result "1/2-1/2"]
[WhiteElo "2480"]
[BlackElo "2325"]
[PlyCount "63"]
[EventDate "1980.05.23"]
[EventType "tourn"]
[EventRounds "13"]
[EventCountry "POL"]
[EventCategory "5"]
[SourceTitle "EXT 1998"]
[Source "ChessBase"]
[SourceDate "1997.11.17"]
[SourceVersion "1"]
[SourceVersionDate "1997.11.17"]
[SourceQuality "1"]

1. e4 c6 2. d4 d5 3. Nc3 dxe4 4. Nxe4 Nf6 5. Nxf6+ gxf6 6. Bc4 Bf5 7. Nf3 Qc7 8. Be3 Nd7 9. Bd3 Bg6 10. Qd2 0-0-0 11. 0-0-0 e5 12. Rhe1 c5 13. dxe5 Nxe5 14. Nxe5 fxe5 15. Bg5 Be7 16. Bxe7 Qxe7 17. Qe3 Rhe8 18. f4 e4 19. Bb5 Rxd1+ 20. Rxd1 Rd8 21. Rxd8+ Kxd8 22. g4 f5 23. Be2 b6 24. g5 Kc7 25. b3 Qd7 26. c3 Kb7 27. h4 h5 28. Kc2 Qe7 29. Bc4 Qd6 30. a3 Be8 31. Qd2 Qxd2+ 32. Kxd2 1/2-1/2

[Event "Wroclaw-A"]
[Site "Wroclaw"]
[Date "1980.05.26"]
[Round "3"]
[White "Bujupi, Bajram"]
[Black "Nun, Jiri"]
[Result "1-0"]
[WhiteElo "2325"]
[BlackElo "2365"]
[PlyCount "75"]
[EventDate "1980.05.23"]
[EventType "tourn"]
[EventRounds "13"]
[EventCountry "POL"]
[EventCategory "5"]
[SourceTitle "EXT 1998"]
[Source "ChessBase"]
[SourceDate "1997.11.17"]
[SourceVersion "1"]
[SourceVersionDate "1997.11.17"]
[SourceQuality "1"]

1. d4 Nf6 2. Nf3 e6 3. Bf4 Be7 4. h3 b6 5. e3 Bb7 6. Bd3 c5 7. Nbd2 d5 8. c3 0-0 9. 0-0 Ne4 10. Qc2 f5 11. Ne5 Nd7 12. Nxd7 Qxd7 13. Nf3 Bf6 14. Ne5 Qe7 15. f3 Nd6 16. a4 a5 17. Rad1 Rfc8 18. g4 g6 19. Qg2 Kh8 20. g5 Bg7 21. h4 Nf7 22. Qg3 Kg8 23. Bb5 Nxe5 24. Bxe5 Bxe5 25. Qxe5 Rd8 26. Kf2 Qd6 27. Qxd6 Rxd6 28. Kg3 Bc6 29. Kf4 Bxb5 30. axb5 Rd7 31. Ke5 cxd4 32. Kxe6 Rad8 33. Rxd4 Kf8 34. Ke5 Re8+ 35. Kf4 Rc8 36. Rfd1 Rc5 37. c4 Ke8 38. b3 1-0